000 00440nam a2200181Ia 4500
001 23759
005 20260414150958.0
008 260414t1991||||xx |||||||||||||| ||spa||
041 _aESP
082 _a708.946
_bF96
100 _aBonet, Juan Manuel
_eAUT
245 0 _aMuseo de arte abstracto español :
_bcuenca
260 _c1991
300 _a162 páginas :
_c20 cm.
650 _aABD
654 _aCAU
942 _cLIB
_dJUS
_fJUS
_2ddc
_n
999 _c23759
_d23759